000 00573nam a22001937a 4500
003 OSt
005 20251030082220.0
008 251030b |||||||| |||| 00| 0 eng d
020 _a0-07-322032-9.
040 _aDWCL-Main lib
_cOC
082 _aCirc. 540 C457c 2005
100 _aChang, Raymond
245 _aChemistry 8th ed.
_cChang, Raymond
260 _aBoston :
_bMcGraw-Hill Higher Education,
_cc2005.
300 _axxxii, (various paging) :
_bcolored illustration ;
_c26 cm.
504 _aIncludes index.
650 _21. Chemistry.
942 _2ddc
_cBK-CIRC
_kCirc.
_n0
999 _c5368
_d5368